| 000 | 00000nas 2200000za 4500 |
| 001 | 9.819531 |
| 003 | CaOODSP |
| 005 | 20221107143002 |
| 007 | cr ||||||||||| |
| 008 | 160615d19811986oncan p oss f000#a0eng|d |
| 022 | |y0227-0188 |
| 040 | |aCaOODSP|beng |
| 041 | |aeng|afre |
| 043 | |an-cn--- |
| 086 | 1 |aCS61-216-PDF |
| 245 | 00|aInvestment statistics, exploration, development, capital and repair expenditures by mining and exploration companies |h[electronic resource] / |cStatistics Canada, Construction Division = Statistique des investissements, dépenses d'exploration, de mise en valeur, d'immobilisations et de réparations par les compagnies minières et d'exploration / Statistique Canada, Division de la construction. |
| 246 | 11|aStatistique des investissements, dépenses d'exploration, de mise en valeur, d'immobilisations et de réparations par les compagnies minières et d'exploration |
| 260 | |aOttawa : |bStatistics Canada = Statistique Canada, |c1983-1986. |
| 310 | |aAnnual |
| 362 | 0 |a1st ed. (1981)-1986. |
| 500 | |aDigitized edition from print [produced by Statistics Canada]. |
| 500 | |aIssues for 1985-1986 have title: Investment statistics, exploration, development, capital and repair expenditures by mining and exploration companies, intentions = Statistique des investissements, dépenses d'exploration, de mise en valeur d'immobilisations et de réparations par les companies minières et d'exploration, perspective. |
| 515 | |aIssues for 1983-1984 not published. |
| 546 | |aText in English and French. |
| 550 | |aIssued 1985-1986 by Science, Technology and Capital Stock Division. |
| 692 | 07|2gccst|aMining industry |
| 692 | 07|2gccst|aInvestments |
| 710 | 1 |aCanada.|bStatistics Canada.|bConstruction Division. |
| 710 | 2 |aStatistics Canada.|bScience, Technology and Capital Stock Division. |
| 785 | 00|tExploration, development and capital expenditures for mining and petroleum and natural gas wells, intentions |w(CaOODSP)9.819533 |
| 792 | |tInvestment statistics, exploration, development, capital and repair expenditures by mining and exploration companies |efre|w(CaOODSP)9.819532 |